| 000 | 00458nam a22001457a 4500 | ||
|---|---|---|---|
| 005 | 20180802153834.0 | ||
| 020 |
_a8174453326 _c550.00 |
||
| 035 | _aB-219646, B-219645, B-219651 | ||
| 037 |
_aDPL _bENG |
||
| 100 | _aAggarwal, Prateek A. | ||
| 245 |
_aTourism and economic growth and development / _cby Prateek A. Aggarwal |
||
| 260 |
_aNew Delhi _bMohit Publications _c2005 |
||
| 300 |
_av, 251p. _c20 cms. |
||
| 942 |
_2ddc _cEN _h338.4791 _mAGG |
||
| 999 |
_c66883 _d66883 |
||